000 00719nam a2200253Ia 4500
003 OSt
005 20220925213704.0
006 a|||||r|||| 00| 0
007 ta
008 220923b |||||||| |||| 00| 0 eng d
037 _cGeneral Book
040 _aRTL
_cRTL
_beng
041 _2eng
_aeng
082 _aB2812, M1
100 _aEveritt B S
_9278859
245 0 _aFinite mixture distribution
260 _aLondon
_bChapman and Hall
_c1981
300 _aix, 143P
_ccm.
490 _aMonographs on Applied Probability and Statistics
500 _aBibliography P 131-38
700 _a Hand D J
_948375
942 _hB2812, M1
_cGB
_2CC
999 _c563491
_d563491